US Quiz - Statistics

General Stats
  • This quiz has been taken 5 times
  • The average score is 44 of 50
Answers on the Map
Answers color-coded by a green-red scale on the quiz's map according to % correct below.
 
Answer Stats
State % Correct
Alabama
100%
Alaska
100%
Arizona
100%
California
100%
Colorado
100%
Florida
100%
Georgia
100%
Hawaii
100%
Idaho
100%
Indiana
100%
Maine
100%
Michigan
100%
Nevada
100%
New Mexico
100%
New York
100%
North Carolina
100%
North Dakota
100%
Ohio
100%
Pennsylvania
100%
South Carolina
100%
South Dakota
100%
Texas
100%
Utah
100%
Vermont
100%
Virginia
100%
West Virginia
100%
Arkansas
80%
Delaware
80%
Iowa
80%
Kansas
80%
Kentucky
80%
Louisiana
80%
Maryland
80%
Massachusetts
80%
Minnesota
80%
Montana
80%
New Jersey
80%
Oklahoma
80%
Rhode Island
80%
Tennessee
80%
Washington
80%
Wisconsin
80%
Wyoming
80%
Connecticut
60%
Illinois
60%
Mississippi
60%
Missouri
60%
Nebraska
60%
New Hampshire
60%
Oregon
60%
No matching quizzes found
Score Distribution
Percent of People with Each Score
Percentile by Number Answered
Your Score History
You have not taken this quiz